The Economics of German Unification An Introduction

Salvato in:
Dettagli Bibliografici
Autore principale: Lange, Thomas
Altri autori: Pugh, Geoffrey
Natura: Libro
Lingua:inglese
Pubblicazione: Cheltenham Edward Elgar 1998
Soggetti:
Tags: Aggiungi Tag
Nessun Tag, puoi essere il primo ad aggiungerne!!

MARC

LEADER 00000nam a2200000 4500
001 0282863
005 20240416113606.2
020 |a 1-85898-090-9 
041 0 |a eng 
044 |a GB 
245 1 0 |a The Economics of German Unification  |b An Introduction  |c Thomas Lange and Geoffrey Pugh 
264 1 |a Cheltenham  |b Edward Elgar  |c 1998 
300 |a xxiii, 209 s. 
610 2 0 |a integrácia ekonomická 
610 2 0 |a východné Nemecko 
610 2 0 |a západné Nemecko 
610 2 0 |a socializmus 
610 2 0 |a kapitalizmus 
610 2 0 |a reformy hospodárske 
610 2 0 |a reštrukturalizácia 
610 2 0 |a privatizácia 
610 2 0 |a trh práce 
610 2 0 |a podmienky hospodárske 
100 1 |a Lange, Thomas 
700 1 |a Pugh, Geoffrey